000 01081nam a2200277 a 4500
001 000033469
003 OSt
005 20201030150529.0
008 110830s1923 dr 000 0 spa d
040 _aDO-SdBNP
_bspa
_cBNPHU
049 _aBNPD
082 7 4 _a970.016
_bI39g
_222
245 0 0 _aÍndice general de los papeles del Consejo de Indias /
_cen virtud de acuerdo de la Real academia de la historia, por los académicos de número,.
260 _aMadrid :
_bRevista de Archivos, Bibliotecas y Museos,
_c1923-26.
300 _a6v. ;
_c23 cm.
490 1 _aDocumentos inéditos de ultramar
500 _aIncluye referencias bibliográficas y notas al pie de las páginas
651 4 _aAmérica Latina
_xHistoria
_91786
651 4 _aEspaña
_xColonias
_zAmérica
_958954
651 4 _aEspaña
_xColonias
_xAdministración
_934070
700 1 2 _aAltolaguirre y Duvale, Ángel de
_d1857-1939
_eed.
_959000
710 2 _aConsejo de Indias (España)
_934862
830 0 _aDocumentos inéditos de ultramar
_959001
910 _aValidado. Control de calidad MFF
942 _2ddc
_cLBS1
999 _c32960
_d32960